Young Adult Title Character Match Quiz Stats

Quiz Updated Nov 8, 2015

Challenge
Share
Tweet
Embed
Score 0/20 Timer 05:00
7 Plays Today
% Correct
and the Half-Blood Prince
98%
Game
87.2%
The Return to Narnia
87.2%
Enchanted
86.8%
The Sea of Monsters
81.7%
the Spy
79.5%
Home For Peculiar Children
78.7%
Not Buddy
78%
Infinite Playlist
76.3%
Is Dead
62.4%
% Correct
and the French Kiss
60.4%
and His Educated Rodents
58.8%
Moving Castle
58.3%
Rules
57.2%
The Arctic Incident
50.4%
Stormbreaker
49.9%
The Angel Experiment
47.4%
World
46.6%
and the Starcatchers
46.1%
Precious Little Life
32.6%

You're not logged in!

Compare scores with friends on all Sporcle quizzes.
Sign Up with Email
OR
Log In

You Might Also Like...

Show Comments

Extras

Top Quizzes Today


Score Distribution

Your Account Isn't Verified!

In order to create a playlist on Sporcle, you need to verify the email address you used during registration. Go to your Sporcle Settings to finish the process.